LEADER 02076oas 2200805 a 450 001 9910139450003321 005 20251105213014.0 011 $a1099-0763 035 $a(DE-599)ZDB2001224-X 035 $a(OCoLC)43973383 035 $a(CONSER) 2001212355 035 $a(CKB)954933184422 035 $a(EXLCZ)99954933184422 100 $a20000503a19949999 sy a 101 0 $aeng 135 $aurmnu|||||||| 181 $ctxt$2rdacontent 182 $cc$2rdamedia 183 $acr$2rdacarrier 200 00$aArchaeological prospection 210 $a[Chichester, West Sussex, England] $cJohn Wiley & Sons 215 $a1 online resource 300 $aRefereed/Peer-reviewed 311 08$a1075-2196 531 0 $aArchaeol. prospect. 606 $aArchaeology$xFieldwork$vPeriodicals 606 $aProspecting$vPeriodicals 606 $aArche?ologie$xRecherche sur le terrain$vPe?riodiques 606 $aProspection$vPe?riodiques 606 $aArchaeology$xFieldwork$2fast$3(OCoLC)fst01941257 606 $aProspecting$2fast$3(OCoLC)fst01079409 606 $aArqueologia$2thub 608 $aPeriodicals.$2fast 608 $aRevistes electròniques.$2thub 615 0$aArchaeology$xFieldwork 615 0$aProspecting 615 6$aArche?ologie$xRecherche sur le terrain 615 6$aProspection 615 7$aArchaeology$xFieldwork. 615 7$aProspecting. 615 7$aArqueologia. 676 $a930 $2 13 801 0$bOH1 801 1$bOH1 801 2$bNSD 801 2$bEYM 801 2$bOCLCQ 801 2$bOCL 801 2$bIUL 801 2$bOCLCA 801 2$bU9S 801 2$bOCLCQ 801 2$bVT2 801 2$bOCLCQ 801 2$bOCLCF 801 2$bNLE 801 2$bOCLCQ 801 2$bEZC 801 2$bOCLCQ 801 2$bCUS 801 2$bUKMGB 801 2$bSFB 801 2$bOCLCO 801 2$bOCLCQ 801 2$bUEJ 801 2$bOCLCQ 906 $aJOURNAL 912 $a9910139450003321 996 $aArchaeological prospection$9255767 997 $aUNINA LEADER 02471nam 2200673 a 450 001 9910958448203321 005 20251117084137.0 010 $a9783110802894 010 $a3110802899 024 7 $a10.1515/9783110802894 035 $a(CKB)2670000000211473 035 $a(EBL)929261 035 $a(OCoLC)794664480 035 $a(SSID)ssj0000560109 035 $a(PQKBManifestationID)11353999 035 $a(PQKBTitleCode)TC0000560109 035 $a(PQKBWorkID)10585358 035 $a(PQKB)10304014 035 $a(MiAaPQ)EBC929261 035 $a(WaSeSS)Ind00013449 035 $a(DE-B1597)42866 035 $a(OCoLC)979783882 035 $a(DE-B1597)9783110802894 035 $a(Au-PeEL)EBL929261 035 $a(CaPaEBR)ebr10585415 035 $a(Perlego)654286 035 $a(EXLCZ)992670000000211473 100 $a19990108h19991998 uy 0 101 0 $aeng 135 $aurnn#---|u||u 181 $ctxt 182 $cc 183 $acr 200 10$a"Poor Paris!" $eKierkegaard's critique of the spectacular city /$fGeorge Pattison 205 $aReprint 2010 210 $aBerlin ;$aNew York $cWalter de Gruyter$d1999, c1998 215 $a1 online resource (176 p.) 225 0 $aKierkegaard Studies. Monograph Series ;$v2 300 $aDescription based upon print version of record. 311 0 $a9783110163889 311 0 $a3110163888 320 $aIncludes bibliographical references and index. 327 $tFront matter --$tChapter One: Kierkegaard Enters the Spectacular City --$tChapter Two: Unmasking the Spectacle --$tChapter Three: Kierkegaard Goes Home --$tChapter Four: The City in Kierkegaard's Bildungsromaner --$tChapter Five: The Urbane Johannes Climacus --$tChapter Six: Kierkegaard Goes to Church --$tChapter Seven: Concluding Questions and Comments --$tIndex of Illustrations --$tAbbreviations 330 $aNo detailed description available for ""Poor Paris!"". 410 0$aKierkegaard Studies. Monograph Series 606 $aSociology, Urban$xPhilosophy$xHistory$y19th century 606 $aCities and towns$xHistory$y19th century 615 0$aSociology, Urban$xPhilosophy$xHistory 615 0$aCities and towns$xHistory 676 $a307.76 676 $a198.9 700 $aPattison$b George$f1950-$0898550 801 0$bMiAaPQ 801 1$bMiAaPQ 801 2$bMiAaPQ 906 $aBOOK 912 $a9910958448203321 996 $a"Poor Paris!"$94459178 997 $aUNINA